000 01136nam a2200265 i 4500
001 177485
003 ES-MaACL
005 20250807213414.0
008 110328s1963 sp |||| | spa d
080 _a308-055.2(5/6=411.21)
100 1 _aAl-Haffar de Kouzbari, Salmá.
_9145875
245 1 0 _aInfluencia de la mujer árabe en nuestra historia y en nuestra literatura /
_cSalmá Haffar de Kuzbari.
260 _aMadrid :
_bAteneo :
_bEditora Nacional,
_c1963.
300 _a25 p. ;
_c20 cm.
490 1 _aColección Ateneo ;
_v3
594 _aConferencia pronunciada en el Ateneo de Madrid en 18 de febrero de 1963.
598 _aEn verso de anteport.: Esta colección la publica Editora Nacional.
610 2 4 _aAteneo de Madrid-
_vConferencias-
_y1940-1982.
_91908
650 4 _aMujeres-
_zPaíses árabes
_915306
710 2 _aAteneo de Madrid.
_91875
830 1 _aColección Ateneo ;
_v3
_9180032
852 4 _aES-MaACL
_jA-6237 (3)
_xOlim P-512-bis
_z- En lomo: V. 1-11
_z- Enc. con otros títulos
852 4 _aES-MaACL
_jP-211-Ter-1-3.-
_zEn lomo: V. 1-11
_z- Enc. con otros títulos
999 _c177485
_d177485